02056nam a2200289 a 4500001001000000005001700010041000800027044000700035084002000042100004500062245015500107260004100262300002200303500015800325500007200483500076000555500001001315546002701325650005201352650005601404650003401460650004501494700007901539700005001618700004801668740005001716BRCA_344520190320204303.0 apor apo a734b.C67c18761 aCervantes Saavedra, Miguel ded1547-161610aO Engenhoso Fidalgo Dom Quichote de la Manchacpor Miguel de Cervantes Saavedra ; Traductores Viscondes de Castilho e de Azevedo e M. Pinheiro Chagas. aPortobCompanhia Litterariac1876-78 a2 v.bil.c42 cm. aContenido : v.1. Primera parte. Prefacio de M. Pinheiro Chagas. Prólogo del autor. 1876. -- v.2. Segunda parte. Dedicatoria y prólogo del autor. 1878 aEdición : Com os desenhos de Gutavo Doré, gravados por H. Pisan aPor muerte del Vizconde de Castilho, continuó la traducción el erudito escritor portugués, M. Pinheiro Chagas, quien además, redactó un notabilísimo prefacio. En él, además de reseñar la obra general de Cervantes y dar su biografía, expone su juicio sobre Cervantes y el Quijote, del cual dice que es: uma das mais sublimes producÇoes do spirito humano. Asimismo el análisis de la época filipina es profundo y acertado. La versión es muy fiel al original. Suntuosa edición que honra a las prensas portuguesas, va adornada con los dibujos de Gustavo Doré. Suprime la dedicatoria al Duque de Béjar y los versos preliminares. Semipiel; lomos y planos decorados con asuntos quijotiles en rojo, negro y dorado Lúdovik Osterc aQM575 aTexto en : portugués14aNovela españolayÉpoca clásica, 1500-170014aLiteratura españolayÉpoca clásica, 1500-170014aNovela españolaySiglo XVII14aDon Quijote (Personaje ficticio)eNovela1 aCastilho, Antonio Feliciano decVisconde de Castilhod1800-1875eTraductor1 aPinheiro Chagas, Manueld1842-1985eTraductor1 aDoré, Paul Gustaved1832-1883eIlustrador0 aEl Ingenioso Hidalgo Don Quijote de la Mancha